MDQL
is popping MORE tags! Check the
thread
!
Quizzes
Events
Quiz Creation
Community
Videos
Private Events
Remove Ads
Sign In
Join for FREE
Feedback
Dark Mode
Quiz Categories
Sports
Geography
Music
Movies
Television
Just For Fun
Miscellaneous
History
Literature
Language
Science
Gaming
Entertainment
Religion
Holiday
For Kids
Quiz Lab
Recent
Popular Today
Quiz Kudos Today
Editor Picks
Curator Picks
Quizzes by...
Day
Popularity
Type
Ratings
Length
Year
Community
Subscriptions
Recent Discussions
Orange Saloon
Badges
Playlists
Quests
Create
Leaderboards
Showdown
Live 5
Trivia Bingo
Activity
Puzzle Library
Sporcle Events
Private Events
Virtual Trivia
Globe League
Become a Host
Pub Owners
SporcleCon
Opinionation
Our Games
Videos
Blog
Mobile Apps
Partnerships
Remove Ads and Go Orange
Feedback
Sports
Athletes
MLB
NBA
NHL
NFL
Soccer
Sports Teams
WWE
NCAA
Football
Premier League
Basketball
Baseball
Hockey
Golf
Tennis
Cricket
Rugby
Auto Racing
Olympics
World Cup
Sports
Athletes
MLB
NBA
NHL
NFL
Soccer
Sports Teams
WWE
NCAA
Football
Premier League
Basketball
Baseball
Hockey
Golf
Tennis
Cricket
Rugby
Auto Racing
Olympics
World Cup
Random Quiz
Search Sporcle
×
Quiz Lab
Quiz Lab
Sports
MLB
Type in answers that appear in a list
Type in answers that appear in a list
Classic
Best Score? Go Orange.
Saves with Yankees Stats
Can you name the Players who have the Most Saves with the New York Yankees?
By
jesseslacefield
5m
20 Questions
122 Plays
122 Plays
122 Plays
Comments
Comments
Give Quiz Kudos
Give Quiz Kudos
-
- Ratings
hide this ad
Replay
Link that replays current quiz
Next Quiz
Link to next quiz in quiz playlist
You Got
0%
They Got
Avg Score
44%
Avg Friend Score
Upgrade to see
Score Distribution
Jump to the score distribution portion of the page
Score
0/20
Timer
05:00
0
Plays Today
Hint
Answer
% Correct
Saves w/
Yankees: 652
Mariano Rivera
98.4%
Saves w/
Yankees: 151
Rich 'Goose' Gossage
95.9%
Saves w/
Yankees: 141
Sparky Lyle
89.3%
Saves w/
Yankees: 224
Dave Righetti
82.8%
Saves w/
Yankees: 74
John Wetteland
77%
Saves w/
Yankees: 47
David Robertson
75.4%
Saves w/
Yankees: 44
Rafael Soriano
54.1%
Saves w/
Yankees: 45
Andrew Miller
51.6%
Saves w/
Yankees: 78
Steve Farr
44.3%
Saves w/
Yankees: 43
Luis Arroyo
35.2%
Hint
Answer
% Correct
Saves w/
Yankees: 76
Joe Page
32.8%
Saves w/
Yankees: 58
Lindy McDaniel
32.8%
Saves w/
Yankees: 104
Johnny Murphy
27%
Saves w/
Yankees: 41
Allie Reynolds
20.5%
Saves w/
Yankees: 43
Ryne Duren
18%
Saves w/
Yankees: 35
Wilcy Moore
15.6%
Saves w/
Yankees: 41
Hal Reniff
11.5%
Saves w/
Yankees: 36
Steve Hamilton
11.5%
Saves w/
Yankees: 39
Johnny Sain
9.8%
Saves w/
Yankees: 40
Pedro Ramos
6.6%
Quiz Playlist
Details
Report
Send in Message
Add To Playlist
Classic:
Type in answers that appear in a list
Last Updated: Jun 7, 2017
Quiz Scoreboard
CHALLENGE
Sign Up to Join the Scoreboard
Show All
Scores
Hide
Comments
May contain spoilers
Recently Published
Two Season TV Shows II
by 123Four
Television
10m
Image Sorting: Flags VI
by Barbecue
Geography
2m
Find the 'City' Movie
by crazypaving
Movies
60s
More to Explore
Quiz From the Vault
Featured Blog Post
14 Easter Pick-up Lines to Find Eggs With
hide this ad
You Might Also Like...
Tags
Baseball Quiz
MLB Quiz
New York Yankees
Saves
Today's Top Quizzes in Sports
Browse Sports
hide this ad
Today's Top Quizzes in MLB
Browse MLB
Top Contributed Quizzes in Sports
1
Les meilleurs buteurs des matchs entre le PSG et l’OM
2
Les entraîneurs de l'OM et du PSG au 21e siècle
3
2022 World Cup Stars
4
Les joueurs passés par le PSG et l'OM
5
Players with Multiple 50 Home Run Seasons
6
FIFA Club World Cup Champions
7
Criteria MLB: Left Handed Sluggers
8
Les joueurs passés par le LOSC et le RC Lens
9
Top 10 NHL Goal Scorers of All Time
10
MLB Players with Two .350 Batting Average Seasons
Explore More
Trending Topics
Disney
Kpop
Harry Potter
Crossword
Marvel
Anime
NBA
WWE
Song
The Office
Puzzle
NFL
Country
Pokémon
Soccer
hide this ad
More By:
jesseslacefield
Quiz
Plays
Rating
Category
Featured
Created
Yankees Top 20 Career HR Leaders
2,539
4.17
Sports
Jun 2, 2017
Games with Yankees
206
5.00
Sports
Jun 5, 2017
Saves with Yankees
122
4.33
Sports
Jun 5, 2017
Go to Creator's Profile
Score Distribution
Quiz Creator Spotlight
jesseslacefield
Follow
Send a Message
Quizzes Created
-
Created Quiz Play Count
-
More By This Creator
Popular Quizzes Today
1
Find the US States - No Outlines Minefield
2
Colored Red Africa Blitz
3
Find the 'City' Movie
4
5x2 Blitz: Bands
5
The Countries of the World
6
Find the Countries of Europe - No Outlines Minefield
7
Find the US States
8
US States
More Sports Quizzes
Few All-Star Basketball Hall-of-Famers
Quiz Lab
Trending Quizzes
Colored Red Europe Blitz I
Colored Red Africa Blitz II
Colored Red Europe Blitz II
Colored Red Europe Blitz III
Colored Red Africa Blitz III
Recently Updated
How Do You Spell That?
pecheneg
Godzilla Movies
pecheneg
Grab Bag: 4-10 Letters
pecheneg
2024 March Madness Bracket
pecheneg
Famous TV Couples
Peacemaker
Champions League XIs: Real Madrid
pecheneg
Largest US Cities 1790-2010
pecheneg
Rides in Walt Disney World
pecheneg
Most Oscar Losses (Acting)
pecheneg
Beyoncé Albums
pecheneg
Trending Topics
Marvel
Harry Potter
Kpop
Disney
NBA
Crossword
Anime
WWE
Puzzle
Song
NFL
Soccer
The Office
Country
Pokémon
Your Account Isn't Verified!
In order to create a playlist on Sporcle, you need to verify the email address you used during registration. Go to your
Sporcle Settings
to finish the process.
Report this User
Report this user for behavior that violates our
Community Guidelines
.
Details:
Send Report
Go to the Sporcle.com Mobile Site →
Comments